Premier League 2024-2025 Top scorers - Statistics

General Stats
  • This quiz has been taken 96 times
  • The average score is 10 of 11
Answer Stats
Goals Nationality Club Player % Correct
29 Egypt Liverpool Mohamed Salah
100%
22 Norway Manchester City Erling Haaland
99%
23 Sweden Newcastle United Alexander Isak
98%
15 England Chelsea Cole Palmer
93%
16 England Aston Villa Ollie Watkins
89%
20 New Zealand Nottingham Forest Chris Wood
87%
15 Brazil Wolverhampton Wanderers Matheus Cunha
87%
20 France Brentford Bryan Mbeumo
86%
16 France Crystal Palace Jean-Philippe Mateta
80%
19 Democratic Republic of the Congo Brentford Yoane Wissa
76%
14 Norway Wolverhampton Wanderers Jørgen Strand Larsen
61%
No matching quizzes found
Score Distribution
Percent of People with Each Score
Percentile by Number Answered
Your Score History
You have not taken this quiz